| 000 | 00480nam a2200193Ia 4500 | ||
|---|---|---|---|
| 005 | 20240823052043.0 | ||
| 008 | 240823s9999||||xx |||||||||||||| ||und|| | ||
| 020 | _a81-239-0843-1 | ||
| 041 | _aENGLISH | ||
| 082 | _A624.1834 P4 | ||
| 100 | _aMark Fintel | ||
| 245 | 0 | _aHandbook of Concrete Engineering | |
| 250 | _a2nd | ||
| 260 |
_c2004 _b"CBS Publishers & Distributors,New " |
||
| 500 | _aYES | ||
| 650 |
_aConcrete Engineering _bCivil |
||
| 942 | _cBK | ||
| 999 |
_c220974 _d220974 |
||